[Event "Budapest Spring Festival 2019"]
[Site "Budapest"]
[Date "2019.04.16"]
[Round "8.1"]
[White "Onischuk, Vladimir"]
[Black "Arjun Kalyan"]
[Result "1-0"]
[WhiteElo "2627"]
[BlackElo "2445"]
[Annotator "RC"]
[PlyCount "87"]
[EventDate "2019.04.09"]
[EventType "swiss"]
[EventCountry "HUN"]
[SourceTitle "playchess.com"]
[Source "ChessBase"]
[SourceQuality "1"]
[TimeControl "40/5400+30:1800+30"]

1. e4 {[%emt 0:00:09]} e5 {[%emt 0:00:06]} 2. Nf3 {[%emt 0:00:15]} Nc6 {[%emt 0:00:06]} 3. Bb5 {[%emt 0:00:09]} a6 {[%emt 0:00:09]} 4. Ba4 {[%emt 0:00:08]} Nf6 {[%emt 0:00:06]} 5. O-O {[%emt 0:00:15]} Be7 {[%emt 0:00:12]} 6. Re1 {[%emt 0:00:14]} b5 {[%emt 0:00:19]} 7. Bb3 {[%emt 0:00:08]} d6 {[%emt 0:00:09]} 8. c3 {[%emt 0:00:25]} O-O {[%emt 0:00:10]} 9. h3 {[%emt 0:00:12]} Nb8 {[%emt 0:00:13]} 10. d3 {[%emt 0:00:07]} Nbd7 {[%emt 0:00:59]} 11. Nbd2 {[%emt 0:00:18]} Bb7 {[%emt 0:00:42]} 12. Nf1 {[%emt 0:00:27]} Nc5 {[%emt 0:01:45]} 13. Bc2 {[%emt 0:00:35]} Re8 {[%emt 0:00:52]} 14. Ng3 {[%emt 0:03:22]} Bf8 {[%emt 0:01:13]} 15. Be3 {[%emt 0:07:18]} h6 {[%emt 0:18:59]} 16. Qe2 {[%emt 0:23:46]} Ncd7 {[%emt 0:06:01]} 17. Rad1 {[%emt 0:15:08]} d5 {[%emt 0:09:29]} 18. Nh4 {[%emt 0:14:05]} g6 {[%emt 0:13:51]} 19. Nf3 {[%emt 0:02:31]} c5 {[%emt 0:09:53]} 20. h4 {[%emt 0:04:20]} h5 {[%emt 0:01:31]} 21. Ng5 {[%emt 0:05:39]} Qc7 {[%emt 0:03:50]} 22. Qf3 {[%emt 0:04:54]} Bg7 {[%emt 0:00:37]} 23. exd5 {[%emt 0:01:46]} Bxd5 {[%emt 0:00:07]} 24. N3e4 {[%emt 0:00:03]} Re7 {[%emt 0:04:38]} 25. Bb3 {[%emt 0:06:29]} Rd8 {[%emt 0:01:53]} 26. c4 {[%emt 0:01:09]} bxc4 {[%emt 0:03:13]} 27. Bxc4 {[%emt 0:00:29]} Bxc4 {[%emt 0:01:54]} 28. dxc4 {[%emt 0:00:03]} Rb8 {[%emt 0:01:19]} 29. b3 {[%emt 0:08:09]} Ng4 {[%emt 0:01:21]} 30. Nd6 {[%emt 0:00:40]} Ndf6 {[%emt 0:02:58]} 31. Nde4 {[%emt 0:00:33]} Nd7 {[%emt 0:01:22]} 32. Ng3 {[%emt 0:01:08]} Bh6 {[%emt 0:03:43]} 33. Bc1 {[%emt 0:00:20]} Nb6 {[%emt 0:02:58]} 34. N3e4 {[%emt 0:00:56]} Bg7 {[%emt 0:00:37]} 35. Qg3 {[%emt 0:00:24]} f6 {[%emt 0:00:59]} 36. f3 {[%emt 0:00:21]} Nh6 {[%emt 0:00:47]} 37. Nh3 {[%emt 0:00:04]} Kh7 {[%emt 0:01:26]} 38. Bxh6 {[%emt 0:00:10]} Kxh6 {[%emt 0:00:01]} 39. Rd6 {[%emt 0:00:12]} Rf8 {[%emt 0:01:38]} 40. Red1 {[%emt 0:00:00]} Rd7 {[%emt 0:00:00]} 41. Nhg5 {[%emt 0:08:03]} Rxd6 {[%emt 0:05:50]} 42. Rxd6 {[%emt 0:00:26]} Nc8 {[%emt 0:02:13]} 43. Ne6 {[%emt 0:00:59]} Qe7 {[%emt 0:00:56]} 44. Nxf8 {[%emt 0:01:54]} 1-0

[Event "Budapest Spring Festival 2019"]
[Site "Budapest"]
[Date "2019.04.16"]
[Round "8.2"]
[White "Ter-Sahakyan, Samvel"]
[Black "Mikhalevski, Victor"]
[Result "1/2-1/2"]
[WhiteElo "2601"]
[BlackElo "2580"]
[Annotator "TA"]
[PlyCount "75"]
[EventDate "2019.04.09"]
[EventType "swiss"]
[EventCountry "HUN"]
[SourceTitle "playchess.com"]
[Source "ChessBase"]
[SourceQuality "1"]

{[%evp 13,75,12,10,2,25,29,29,30,52,23,10,10,10,10,11,18,20,-15,-1,-10,0,-36,-20,-31,-13,-48,-49,-45,-20,-12,-15,-10,-22,-19,-16,-36,-44,-38,0,0,0,-42,-34,-41,-40,-67,-58,-62,-66,-51,-51,-50,-49,-55,-30,-67,0,-38,0,-40,-39,-71,-35,-46]} 1. e4 e5 2. Nf3 Nc6 3. Bb5 a6 4. Ba4 Nf6 5. Nc3 b5 6. Bb3 Be7 7. d3 d6 8. a3 {C77: Ruy Lopez: 3...a6 4 Ba4 Nf6, unusual lines} Bg4 (8... O-O 9. Nd5 Na5 10. Ba2 Nxd5 11. Bxd5 c6 12. Ba2 Bf6 13. O-O Re8 14. b4 Nb7 15. c4 Be6 {½-½ (23) Rapport,R (2692)-Aronian,L (2785) Sharjah 2017}) 9. Be3 Rb8 $146 ({Predecessor:} 9... Na5 10. Ba2 c5 11. Nd5 Nxd5 12. Bxd5 Rc8 13. b4 Nc6 14. h3 Be6 15. bxc5 dxc5 16. Bxc6+ Rxc6 17. Nxe5 {1-0 (22) Lagarde,M (2575)-Colin,V (2395) Sables d'Olonne 2016}) 10. h3 {White has an edge.} Be6 11. Bxe6 fxe6 12. Ne2 O-O 13. Ng3 a5 14. O-O a4 15. c3 Na5 16. Qe2 Qe8 17. d4 Nd7 18. Rad1 Qg6 19. Kh2 Nc4 20. Bc1 Rf7 21. Nd2 Ndb6 22. dxe5 dxe5 23. Nf3 Rbf8 24. Rd3 Nc8 25. Re1 Bc5 26. Nh4 $1 {[%cal Rh4g6]} Qf6 {[%mdl 64] [#] Double Attack} 27. Nf3 (27. Qg4 $5 {[%cal Rc1g5]}) 27... N8d6 28. Nh5 Qe7 29. Rf1 Qe8 30. Ng3 h6 31. Nh1 Qc6 32. Ng3 Qa8 33. Re1 Qa7 34. Rf1 Qa8 35. Re1 Qa7 36. Rf1 Bb6 37. Nh5 Qa8 38. Ng3 {Accuracy: White = 49%, Black = 62%.} 1/2-1/2

[Event "Budapest Spring Festival 2019"]
[Site "Budapest"]
[Date "2019.04.16"]
[Round "8.3"]
[White "Gopal G.N."]
[Black "Timofeev, Artyom"]
[Result "0-1"]
[WhiteElo "2589"]
[BlackElo "2593"]
[Annotator "TA"]
[PlyCount "194"]
[EventDate "2019.04.09"]
[EventType "swiss"]
[EventCountry "HUN"]
[SourceTitle "playchess.com"]
[Source "ChessBase"]
[SourceQuality "1"]

{[%evp 15,194,42,45,33,35,23,28,28,21,21,29,31,28,27,37,28,42,17,45,43,34,37,50,34,32,41,32,40,29,40,36,37,35,26,11,0,0,-16,-20,-19,-12,-19,-22,-18,-12,-31,-31,-36,-29,-32,-27,-54,-57,-60,-46,-91,-96,-108,-85,-86,-66,-141,-137,-130,-137,-123,-121,-122,-123,-123,-123,-123,-123,-123,-122,-121,-106,-122,-123,-123,-123,-123,-99,-123,-106,-106,-43,-47,-25,-25,-14,-25,-25,-33,-12,-27,-12,-26,-26,-26,-12,-19,-20,-27,-27,-27,-27,-27,-27,-27,-27,-27,-27,-27,-27,-27,-27,-27,-27,-27,-27,-27,-12,-30,-30,-34,-8,-8,-12,-36,-36,-36,-36,-39,-39,-42,-58,-76,-66,-433,-412,-620,-591,-1104,-1008,-747,-496,-404,-305,-305,-302,-29965,-29961,-29960,-29959,-29958,-12829,-29972,-2222,-29971,-29972,-29971,-29972,-29979,-29979,-29980,-29976,-29975,-29976,-29976,-29977,-29976,-29977,-29976,-29977,-29980,-29972,-29984,-29978,-29985,-29986]} 1. e4 e5 2. Nf3 Nc6 3. Bb5 Nf6 4. d3 d6 5. O-O Bd7 6. Re1 Be7 7. c3 O-O 8. Ba4 Bg4 9. Nbd2 {[%cal Bb1d2,Bd2f1,Bf1g3][%mdl 32] C55: Two Knights: 4 d3, 4 d4 exd4 5 e5 and Max Lange Attack} Nd7 10. h3 Bh5 11. Nf1 {White has an edge.} (11. b4 a5 12. b5 Na7 13. Rb1 c6 14. bxc6 bxc6 15. d4 Qc7 16. Nc4 Rfb8 17. Rxb8+ Rxb8 {1-0 (40) Swiercz,D (2585)-Zherebukh,Y (2632) Lublin 2012}) 11... Nc5 $146 ({Predecessor:} 11... Bg6 12. Ng3 Nc5 13. Bc2 Qd7 14. d4 exd4 15. cxd4 Na6 16. a3 Bf6 {1-0 (30) Zykova,A-Kuzmenko,E Dagomys 2004}) 12. Bc2 Ne6 13. Ng3 Bxf3 14. Qxf3 Bg5 15. Be3 g6 16. b4 Qf6 17. Qxf6 Bxf6 18. Bb3 Kg7 19. Ne2 Bg5 20. Bxg5 Nxg5 21. f4 exf4 22. Nxf4 {Threatens to win with h4.} Rae8 23. Nd5 Ne6 24. d4 Nb8 25. Bc2 c5 26. dxc5 dxc5 27. Rad1 cxb4 28. cxb4 Nc6 29. Ba4 Rc8 30. Bxc6 (30. e5 {seems wilder.} Ncd4 31. Bd7 Rc2 32. a3 Ra2 33. Nf6) 30... Rxc6 31. Rd2 Rc4 32. a3 Rfc8 33. Ree2 Nd4 34. Re3 Nc6 35. Nf4 Re8 36. b5 Ne5 37. Rd5 Rc2 38. Nd3 (38. Rg3 $15) 38... Rc3 $17 39. Kf2 Nc4 40. Re2 Rxa3 41. Rd4 Ne5 42. Nxe5 Rxe5 {[%mdl 4096] Endgame KRR-KRR} 43. b6 axb6 44. Rd7 Ra7 45. Ke3 Kf8 46. Kf4 Re7 47. Rd6 Ra6 48. Rb2 {[#]} b5 $1 49. Rd5 (49. Rxb5 Rxd6) 49... Rf6+ 50. Ke3 Rb6 (50... Rfe6 $17 51. Rdxb5 Rxe4+ 52. Kf3 R4e6 53. Rxb7 Re3+ 54. Kf2 Rxb7 55. Rxb7 Ra3) 51. Rdxb5 $15 Rxb5 52. Rxb5 {KR-KR} Rd7 53. e5 Ke7 54. Ke4 Kd8 55. Rb1 Kc7 56. Rc1+ Kb8 57. Rb1 Ka7 58. Ra1+ Kb6 59. Rb1+ Kc5 60. Rc1+ Kb4 61. Rb1+ Kc4 62. Rc1+ Kb3 63. Rb1+ Kc2 64. Rb6 Kc3 65. Rb1 h5 66. h4 Kc4 67. Rc1+ Kb3 68. Rb1+ Kc3 69. g3 Kc4 70. Rc1+ Kb3 71. Rb1+ Kc3 72. Rb6 Kc4 73. Rd6 Re7 {Strongly threatening ...b5.} 74. Rd4+ Kb5 75. Rd5+ Ka4 76. Rd4+ Ka5 {White must now prevent ...b5.} 77. Rd5+ $2 {[%mdl 8192]} (77. Rd8 $1 $15) 77... b5 $19 {[%cal Bb7b5,Bb5b4,Bb4b3][%mdl 32]} 78. Kd3 (78. Kd4 $142 Rc7 79. Kd3) 78... Rc7 79. e6 fxe6 80. Rg5 {[#]} e5 $1 81. Rxg6 (81. Rxe5 Rc6) 81... b4 82. Rg8 b3 83. Ra8+ $2 (83. Rb8 $19 Ka4 84. Kd2) 83... Kb4 84. Rb8+ Ka3 85. Ra8+ Kb2 86. Ra5 Re7 (86... Rd7+ $142 87. Ke4 Rd4+ 88. Kxe5 Kc3 89. Ra3 Rg4 90. Ra1 b2 91. Rf1 Kc2 92. Rf2+ Kb3 93. Rf1 Ka2 94. Rh1 b1=Q 95. Rxb1 Kxb1 96. Kd6 Rxg3 97. Ke7 Rg4 98. Kf7 Rxh4 99. Kg6 Rh1 100. Kf5 Rg1 101. Kf4 h4 102. Kf5 Kc2 103. Kf6 h3 104. Ke6 h2 105. Kf6 h1=Q 106. Ke6 Qh6+ 107. Ke5 Kd3 108. Kf5 Rg5+ 109. Kf4 Qf6#) 87. Rb5 Rd7+ {Black mates.} 88. Ke3 Kc3 89. Rc5+ Kb4 90. Rc8 b2 91. Rb8+ Kc3 92. Rc8+ Kb3 93. Rb8+ Kc2 94. Rc8+ Kb1 95. g4 hxg4 96. h5 Rh7 97. Rc4 Ka2 {Accuracy: White = 46%, Black = 72%.} 0-1

[Event "Budapest Spring Festival 2019"]
[Site "Budapest"]
[Date "2019.04.16"]
[Round "8.4"]
[White "Stupak, Kirill"]
[Black "Nisipeanu, Liviu-Dieter"]
[Result "1/2-1/2"]
[WhiteElo "2547"]
[BlackElo "2680"]
[Annotator "TA"]
[PlyCount "85"]
[EventDate "2019.04.09"]
[EventType "swiss"]
[EventCountry "HUN"]
[SourceTitle "playchess.com"]
[Source "ChessBase"]
[SourceQuality "1"]

{[%evp 21,84,13,56,54,48,39,47,23,29,21,20,27,22,17,25,31,37,37,51,57,106,74,76,47,70,69,77,77,66,12,29,15,20,16,19,21,16,22,75,59,94,94,94,94,94,94,94,94,94,94,94,94,92,109,112,0,0,0,0,0,0,0,0,0,0]} 1. d4 Nf6 2. c4 e6 3. Nf3 Bb4+ 4. Bd2 Qe7 5. g3 Nc6 6. Nc3 O-O 7. Bg2 d6 8. Rc1 {E11: Bogo-Indian} Bxc3 9. Bxc3 e5 10. d5 Nb8 11. O-O a5 {LiveBook: 4 Games} 12. Ne1 $146 ({Predecessor:} 12. c5 Nbd7 13. cxd6 cxd6 14. Nd2 b5 15. b3 Nb6 16. e4 b4 17. Bb2 Ba6 18. Re1 {½-½ (32) Riazantsev,A (2671)-Bologan,V (2640) Doha 2016}) 12... Nbd7 {[%cal Bb8d7,Bd7c5,Bc5a4,Ba4c3][%mdl 32]} 13. e4 Nc5 14. Qe2 Na4 15. Nd3 Nxc3 16. Rxc3 Bd7 17. b3 c6 18. Rfc1 Rfc8 19. c5 Ne8 20. Qe3 Kf8 21. a4 Rd8 22. h4 dxc5 23. Nxc5 cxd5 24. exd5 Bf5 25. Re1 ({White should try} 25. f4 $14 e4 26. Nxe4) 25... Rac8 $11 26. Be4 Bxe4 27. Nxe4 Rxc3 28. Nxc3 f6 29. f4 $36 {[%cal Rf4e5][%mdl 2048] White has some pressure.} Nc7 (29... Rc8 $1 $11) 30. fxe5 $16 Nxd5 31. Nxd5 Rxd5 32. exf6 Qxe3+ 33. Rxe3 gxf6 {[%mdl 4096] Endgame [#] KR-KR} 34. Re6 $1 {[%cal Re6f6]} b5 35. Rxf6+ Kg7 36. Ra6 Rd3 37. Rxa5 bxa4 38. Rg5+ ({Don't play} 38. Rxa4 $6 Rxg3+ 39. Kh2 Rxb3 $11) (38. bxa4 $16 {And now Kg2 would win.} Rxg3+ 39. Kf2) 38... Kh6 $1 $11 {The position is equal.} 39. bxa4 {[#] Threatens to win with Kf2.} Rd1+ $1 40. Kg2 {aiming for a5.} Rd2+ 41. Kh3 {Strongly threatening Rb5.} Rh2+ $1 42. Kg4 {Black must now prevent Ra5.} Rxh4+ $1 43. gxh4 $2 {[%mdl 8192] Precision: White = 70%, Black = 67%.} (43. Kf3 Rxa4 44. Rg8) 1/2-1/2

[Event "Budapest Spring Festival 2019"]
[Site "Budapest"]
[Date "2019.04.16"]
[Round "8.5"]
[White "Shyam, Sundar M."]
[Black "Erdos, Viktor"]
[Result "1/2-1/2"]
[WhiteElo "2519"]
[BlackElo "2610"]
[Annotator "RC"]
[PlyCount "40"]
[EventDate "2019.04.09"]
[EventType "swiss"]
[EventCountry "HUN"]
[SourceTitle "playchess.com"]
[Source "ChessBase"]
[SourceQuality "1"]
[TimeControl "40/5400+30:1800+30"]

1. e4 {[%emt 0:00:05]} e5 {[%emt 0:04:41]} 2. Nf3 {[%emt 0:00:08]} Nc6 {[%emt 0:00:06]} 3. Bb5 {[%emt 0:00:10]} a6 {[%emt 0:00:06]} 4. Ba4 {[%emt 0:00:03]} Nf6 {[%emt 0:00:07]} 5. O-O {[%emt 0:00:43]} b5 {[%emt 0:00:09]} 6. Bb3 {[%emt 0:00:05]} Bc5 {[%emt 0:00:04]} 7. c3 {[%emt 0:00:14]} d6 {[%emt 0:00:09]} 8. d4 {[%emt 0:03:42]} Bb6 {[%emt 0:00:13]} 9. Be3 {[%emt 0:00:05]} O-O {[%emt 0:01:26]} 10. Nbd2 {[%emt 0:00:03]} h6 {[%emt 0:00:07]} 11. Re1 {[%emt 0:00:03]} Bb7 {[%emt 0:07:47]} 12. d5 {[%emt 0:06:27]} Ne7 {[%emt 0:11:06]} 13. Bxb6 {[%emt 0:03:28]} cxb6 {[%emt 0:00:10]} 14. a4 {[%emt 0:00:06]} bxa4 {[%emt 0:00:40]} 15. Bxa4 {[%emt 0:00:33]} b5 {[%emt 0:31:54]} 16. Bc2 {[%emt 0:03:59]} a5 {[%emt 0:01:39]} 17. Bd3 {[%emt 0:04:22]} Qb6 {[%emt 0:02:10]} 18. Qe2 {[%emt 0:11:23]} Rfb8 {[%emt 0:00:22]} 19. Rec1 {[%emt 0:24:53]} Bc8 {[%emt 0:01:33]} 20. b4 {[%emt 0:02:33]} axb4 {[%emt 0:23:50]} 1/2-1/2

[Event "Budapest Spring Festival 2019"]
[Site "Budapest"]
[Date "2019.04.16"]
[Round "8.6"]
[White "Santos Latasa, Jaime"]
[Black "Krzyzanowski, Marcin"]
[Result "1-0"]
[WhiteElo "2585"]
[BlackElo "2509"]
[Annotator "ChessBase"]
[PlyCount "63"]
[EventDate "2019.04.09"]
[EventType "swiss"]
[EventCountry "HUN"]
[SourceTitle "playchess.com"]
[Source "ChessBase"]
[SourceQuality "1"]
[TimeControl "40/5400+30:1800+30"]

1. d4 {[%emt 0:00:03]} Nf6 {[%emt 0:00:07]} 2. c4 {[%emt 0:00:11]} c5 {[%emt 0:00:10]} 3. d5 {[%emt 0:00:07]} e6 {[%emt 0:00:05]} 4. Nc3 {[%emt 0:00:05]} exd5 {[%emt 0:00:10]} 5. cxd5 {[%emt 0:00:05]} d6 {[%emt 0:00:04]} 6. e4 {[%emt 0:00:07]} g6 {[%emt 0:00:13]} 7. f4 {[%emt 0:00:05]} Bg7 {[%emt 0:00:23]} 8. Bb5+ {[%emt 0:00:05]} Nfd7 {[%emt 0:00:02]} 9. Bd3 {[%emt 0:00:07]} a6 {[%emt 0:05:44]} 10. a4 {[%emt 0:00:36]} O-O {[%emt 0:03:44]} 11. Nf3 {[%emt 0:00:36]} Re8 {[%emt 0:00:50]} 12. O-O {[%emt 0:00:33]} Qc7 {[%emt 0:03:00]} 13. Bc2 {[%emt 0:04:36]} c4 {[%emt 0:05:05]} 14. Be3 {[%emt 0:00:31]} Nf8 {[%emt 0:03:37]} 15. Bd4 {[%emt 0:01:44]} f6 {[%emt 0:03:14]} 16. Nd2 {[%emt 0:17:11]} Nbd7 {[%emt 0:22:17]} 17. Qe2 {[%emt 0:00:25]} f5 {[%emt 0:00:54]} 18. Bxg7 {[%emt 0:01:00]} Kxg7 {[%emt 0:00:45]} 19. Qf2 {[%emt 0:00:46]} fxe4 {[%emt 0:13:26]} 20. Ncxe4 {[%emt 0:01:27]} Qb6 {[%emt 0:16:08]} 21. Nxc4 {[%emt 0:00:27]} Qxf2+ {[%emt 0:00:03]} 22. Rxf2 {[%emt 0:00:36]} Rd8 {[%emt 0:00:29]} 23. Nexd6 {[%emt 0:02:25]} Rb8 {[%emt 0:00:45]} 24. Rd2 {[%emt 0:03:59]} Nf6 {[%emt 0:01:11]} 25. a5 {[%emt 0:00:15]} Bd7 {[%emt 0:00:29]} 26. Re1 {[%emt 0:01:05]} Bb5 {[%emt 0:00:04]} 27. Re7+ {[%emt 0:00:47]} Kg8 {[%emt 0:00:03]} 28. Nxb5 {[%emt 0:02:04]} axb5 {[%emt 0:00:04]} 29. Nb6 {[%emt 0:01:01]} Rd6 {[%emt 0:00:46]} 30. Bd3 {[%emt 0:01:08]} b4 {[%emt 0:00:03]} 31. Bc4 {[%emt 0:01:31]} Kh8 {[%emt 0:00:40]} 32. Rde2 {[%emt 0:00:27]} 1-0

[Event "Budapest Spring Festival 2019"]
[Site "Budapest"]
[Date "2019.04.16"]
[Round "8.7"]
[White "Gonda, Laszlo"]
[Black "Savchenko, Boris"]
[Result "1-0"]
[WhiteElo "2527"]
[BlackElo "2575"]
[Annotator "TA"]
[PlyCount "97"]
[EventDate "2019.04.09"]
[EventType "swiss"]
[EventCountry "HUN"]
[SourceTitle "playchess.com"]
[Source "ChessBase"]
[SourceQuality "1"]

{[%evp 14,97,33,34,50,35,35,35,46,45,41,-27,-17,-45,-14,-14,-11,-11,-12,-17,0,-27,5,0,13,0,0,0,12,0,20,0,0,1,0,0,31,26,25,35,126,118,163,151,160,147,191,38,81,11,112,0,212,187,202,225,381,177,228,154,154,137,140,131,145,153,256,266,249,249,289,239,335,321,1162,1170,1152,1111,1077,407,1197,1195,29990,29991,29991,29989]} 1. Nf3 Nf6 2. c4 g6 3. Nc3 Bg7 4. e4 d6 5. d4 O-O 6. Be2 e5 7. O-O Na6 {[%cal Bb8a6,Ba6c5,Bc5e4][%mdl 32]} 8. Be3 h6 {E94: King's Indian: Classical: 6 Be2 e5 7 0-0: Various Black 7th moves} (8... c6 9. d5 Ng4 10. Bg5 f6 11. Bh4 c5 12. Ne1 Nh6 13. Nc2 Nf7 14. a3 b6 15. b4 Bd7 16. Rb1 Bh6 17. Bg4 Bg5 18. Bxd7 Qxd7 19. Bxg5 fxg5 20. Ne3 {1-0 (52) Korobov,A (2698)-Demchenko,A (2679) St Petersburg 2018}) 9. dxe5 Ng4 10. Bf4 {[%cal Re5d6]} Nxe5 {White is slightly better.} 11. Nd4 Nc6 $146 ({Predecessor:} 11... Nc5 12. Qd2 Kh7 13. f3 a5 14. b3 Bd7 15. Rad1 Re8 16. Be3 {1-0 (77) Lehtinen,H (2381)-Filipovic,S (2230) Kallithea 2008}) 12. Nc2 (12. Ndb5 $14) 12... Nc5 $11 13. Qd2 g5 14. Be3 Bxc3 15. Qxc3 Nxe4 16. Qa3 Bf5 17. Nd4 (17. b4 {is more complex.} Qf6 18. b5 Ne5 19. Nd4 Ng6 20. Bd3) 17... Bg6 18. Nxc6 bxc6 19. b4 Re8 20. Rad1 Qc8 21. Rfe1 Kh7 22. Bd4 c5 23. bxc5 Nxc5 24. Bf3 {Black must now prevent Rxe8.} Ne4 25. h3 {[%mdl 1024] White has compensation.} Re7 26. Re3 c5 ({Black should play} 26... Qf8 $14) 27. Ba1 $1 $16 Qf8 28. Rde1 $1 Rae8 29. Qb2 $1 Rb8 30. Rb3 $2 ({White must play} 30. Qc1 $1 $18 f5 31. Bd1) 30... Rbe8 31. Kh2 (31. Bd1 $1 $16) 31... f6 (31... f5 $11 {remains equal.}) 32. Rbe3 (32. Bd1 $1 $16) 32... Kg7 $2 {[#]} (32... f5 $1 $11 {and Black stays safe.}) 33. Bd1 $1 $18 d5 34. cxd5 Rc7 $2 (34... Rf7 35. Qe2 Qd6+ 36. Kg1 Qf4) 35. f3 (35. Bc2 $142 {[%cal Rc2e4]} Nd6 36. Bxg6 Rxe3 37. Rxe3 Kxg6 38. Re6) 35... Rb8 (35... Nd6 {was worth a try.}) 36. Rb3 Rxb3 37. axb3 Nd6 38. Re6 $36 {[%cal Re6f6][%mdl 2048] White is really pushing.} Rf7 39. Bc2 Bf5 {[#]} (39... Nf5 $16 40. d6 Nd4 41. Bxg6 Nxe6 42. Bxf7 Qxd6+ 43. Kg1 Kxf7) 40. Bxf5 $1 Nxf5 41. Qd2 Qb8+ 42. d6 a5 (42... Qc8 {was necessary.} 43. Qd5 Nd4 44. Bxd4 cxd4) 43. f4 gxf4 $2 (43... Nd4 44. Bxd4 cxd4) 44. Qxf4 {White threatens Qg4+ and mate.} Nd4 45. Bxd4 cxd4 46. Qxd4 (46. Qg4+ $142 Kh7 47. Qxd4) 46... Qb5 (46... Qb4 $142 47. Qe3 h5 48. Qg3+ Kf8) 47. Re3 Rd7 48. Qg4+ Kh7 49. Qxd7+ {[%mdl 64] Promotion. Accuracy: White = 55%, Black = 26%.} 1-0

[Event "Budapest Spring Festival 2019"]
[Site "Budapest"]
[Date "2019.04.16"]
[Round "8.8"]
[White "Hakobyan, Aram"]
[Black "Henderson de La Fuente, Lance"]
[Result "1-0"]
[WhiteElo "2554"]
[BlackElo "2471"]
[Annotator "TA"]
[PlyCount "85"]
[EventDate "2019.04.09"]
[EventType "swiss"]
[EventCountry "HUN"]
[SourceTitle "playchess.com"]
[Source "ChessBase"]
[SourceQuality "1"]

{[%evp 12,85,-15,-7,-17,-39,18,11,11,16,3,11,0,0,12,0,0,0,0,0,0,0,0,-6,0,0,0,0,0,0,0,-7,0,0,19,26,43,16,105,93,181,158,166,172,218,210,210,210,170,83,282,193,396,402,379,389,5787,643,620,-70,556,558,1043,66,1068,1029,867,719,958,924,1343,1259,1683,1445,1037,889]} 1. d4 d5 2. c4 e6 ({Predecessor:} 2... c6 3. Nf3 Nf6 4. Nc3 dxc4 5. e4 b5 6. Be2 e6 7. O-O {0-1 (47) Batsiashvili,N (2521)-Mammadzada,G (2392) Stary Smokovec 2018}) 3. Nc3 c6 4. Nf3 dxc4 5. e4 b5 6. Be2 Bb7 7. O-O Nf6 {D31: Queen's Gambit Declined: Semi-Slav without ...Nf6 (+ Marshall Gambit and Noteboom) and Exchange Variation lines without ...Nf6} 8. b3 b4 $146 (8... Bb4 $15 9. Qc2 cxb3 10. axb3 Bxc3 11. Qxc3 Nxe4) (8... Bb4 9. e5 Bxc3 10. exf6 gxf6 11. Rb1 c5 12. bxc4 cxd4 13. Rxb5 Bc6 {1-0 (22) Dubov,D (2701)-Postny,E (2579) Batumi 2018}) 9. e5 $1 $11 Nd5 $1 {[%cal Rd5c3] The position is equal.} 10. Nxd5 cxd5 11. bxc4 dxc4 12. Bxc4 Be7 13. Be3 O-O 14. Nd2 Nd7 15. Qg4 Kh8 16. Rfc1 a5 17. Bd3 Rb8 18. Qh3 {[%csl Gd3][%cal Rh3h7]} g6 $1 19. Bh6 Re8 20. Be4 {Hoping for Bxb7.} Kg8 21. Qf3 Bxe4 22. Nxe4 Rb5 23. h4 Rd5 24. Be3 a4 (24... f6 $11) 25. h5 $40 {[%mdl 128] White goes for the king.} Qb8 (25... f5 $16 {was worth a try.}) 26. hxg6 $1 $18 hxg6 27. g4 $1 b3 28. axb3 axb3 {...b2 is the strong threat.} 29. Rab1 $1 b2 30. Re1 (30. Rc2 $18 {is more deadly.} Rb5 31. Qh3 Nxe5 32. f3 (32. dxe5 Qxe5 33. f3 Ra8 $18)) 30... Rb5 $2 (30... Qb4 $16 {is a better defense.}) 31. Kg2 Qb7 $2 (31... Qa8 {was necessary.}) 32. Rh1 {Black must now prevent Kg1.} Bf8 {[#]} 33. d5 $1 {[%mdl 512] White threatens Rh8+! and mate.} Rxd5 $2 {[#]} ({Much worse is} 33... Qxd5 34. Rhd1) (33... Bg7) 34. Qh3 (34. Rh7 $142 $3 {[%mdl 512]} f5 (34... Kxh7 35. Qxf7+) 35. Nf6+ {[%mdl 64] Discovered Attack} Nxf6 36. Rxb7 Rxe5 37. Bd4 {[%mdl 64] Double Attack}) 34... Bg7 {[#]} 35. Qh7+ $1 Kf8 36. Bh6 Rxe5 37. Qxg7+ ({Weaker is} 37. Bxg7+ Ke7 $11) 37... Ke7 38. f3 {White is clearly winning.} Qb5 39. Rhe1 ({Inferior is} 39. Rhd1 Rxe4 40. fxe4 Qe2+ 41. Kh3 Qf3+ 42. Kh2 Qe2+ 43. Kg3 Nf6 $11) 39... Rc8 40. Kg3 Rc2 41. Bf4 Rxe4 42. Rxe4 Nf6 {[#]} 43. Bd6+ $1 {[%mdl 512] Accuracy: White = 80%, Black = 48%.} 1-0